Geology and mineral deposits of the Osgood Mountains quadrangle : (Record no. 29847)

MARC details
000 -LEADER
fixed length control field 01096cam a22002891i 4500
001 - CONTROL NUMBER
control field gs 64000224
003 - CONTROL NUMBER IDENTIFIER
control field DLC
005 - DATE AND TIME OF LATEST TRANSACTION
control field 20260227111414.0
008 - FIXED-LENGTH DATA ELEMENTS--GENERAL INFORMATION
fixed length control field 780316s1964 dcuab b f000 0 eng
010 ## - LIBRARY OF CONGRESS CONTROL NUMBER
LC control number gs 64000224
035 ## - SYSTEM CONTROL NUMBER
System control number (OCoLC)3723817
040 ## - CATALOGING SOURCE
Original cataloging agency DLC
Transcribing agency OClU
Modifying agency ISS
-- OCoLC
-- DLC
042 ## - AUTHENTICATION CODE
Authentication code premarc
050 00 - LIBRARY OF CONGRESS CALL NUMBER
Classification number QE75
Item number .P9 no. 431
086 0# - GOVERNMENT DOCUMENT CLASSIFICATION NUMBER
Classification number I 19.16:431
100 1# - MAIN ENTRY--PERSONAL NAME
Personal name Hotz, Preston Enslow,
Dates associated with a name 1913-
245 00 - TITLE STATEMENT
Title Geology and mineral deposits of the Osgood Mountains quadrangle :
Remainder of title Humboldt County, Nevada /
Statement of responsibility, etc. by Preston E. Hotz and Ronald Willden.
260 ## - PUBLICATION, DISTRIBUTION, ETC.
Place of publication, distribution, etc. Washington :
Name of publisher, distributor, etc. U.S. Govt. Print. Off.,
Date of publication, distribution, etc. 1964.
300 ## - PHYSICAL DESCRIPTION
Extent 128 p. :
Other physical details ill., maps (1 col.) ;
Dimensions 29 cm.
410 20 - SERIES STATEMENT/ADDED ENTRY--CORPORATE NAME [OBSOLETE, CAN/MARC], [LOCAL, USA]
Corporate name or jurisdiction name as entry element Geological Survey (U.S.).
Title of a work Professional paper ;
Volume number/sequential designation 431
504 ## - BIBLIOGRAPHY, ETC. NOTE
Bibliography, etc. note Bibliography : p. 122-124.
650 #0 - SUBJECT ADDED ENTRY--TOPICAL TERM
Topical term or geographic name entry element Geology
Geographic subdivision Nevada
-- Humboldt County
650 #0 - SUBJECT ADDED ENTRY--TOPICAL TERM
Topical term or geographic name entry element Ore deposits
Geographic subdivision Nevada
-- Humboldt County.
650 #0 - SUBJECT ADDED ENTRY--TOPICAL TERM
Topical term or geographic name entry element Mines and mineral resources
Geographic subdivision Nevada
-- Humboldt County
700 1# - ADDED ENTRY--PERSONAL NAME
Personal name Willden, Charles Ronald,
Dates associated with a name 1929-
Relator term joint author.
740 0# - ADDED ENTRY--UNCONTROLLED RELATED/ANALYTICAL TITLE
Uncontrolled related/analytical title Osgood Mountains quadrangle, Humboldt County, Nevada.

No items available.

Powered by Koha